Normal view
MARC view
Entry Personal Name
001 - CONTROL NUMBER
- control field: 35891
003 - CONTROL NUMBER IDENTIFIER
- control field: ARRUPE
005 - DATE AND TIME OF LATEST TRANSACTION
- control field: 20170920115333.0
008 - FIXED-LENGTH DATA ELEMENTS
- fixed length control field: 170920|| aca||aabn | a|a d
040 ## - CATALOGING SOURCE
- Original cataloging agency: ARRUPE
- Transcribing agency: ARRUPE
100 ## - HEADING--PERSONAL NAME
- Personal name: Henry the Navigator
670 ## - SOURCE DATA FOUND
- Source citation: Work cat.: (ARRUPE)3838: Beazley, Charles Raymond 35889, Prince Henry the Navigator